| 000 | 01190nam a2200349 i 4500 | ||
|---|---|---|---|
| 001 | 35123 | ||
| 003 | KOSZ 005 | ||
| 005 | 20220304142012.0 | ||
| 008 | 051010s2004 pl a f f |000 0 pol d | ||
| 040 |
_cKOZ 005 _aKOSZ 005 _dKOSZ 005/HR |
||
| 041 | 0 | _apol | |
| 046 | _k2005 | ||
| 080 | _a624.014 | ||
| 080 | _a(085) | ||
| 100 | 1 |
_aBródka, Jan _d(1929- ) _eAutor |
|
| 245 | 1 | 0 |
_aKształtowniki o przekrojach zamkniętych : _bporadnik dla konstruktorów i projektantów. _nCz. 2 / _cJan Bródka, Mirosław Broniewicz. |
| 260 |
_aWarszawa : _bKönig Stahl, _c2004. |
||
| 300 |
_a111 s. : _bil. ; _c29 cm. |
||
| 380 | _aKsiążki | ||
| 388 | _a2001- | ||
| 504 | _aBibliogr. | ||
| 650 | 4 | _aPołączenia konstrukcyjne | |
| 650 | 4 | _aKonstrukcje stalowe | |
| 650 | 4 | _aKształtowniki | |
| 655 | 4 | _aPoradnik | |
| 658 | _aArchitektura i budownictwo | ||
| 658 | _aInżynieria i technika | ||
| 700 | 1 |
_aBroniewicz, Mirosław _eAutor |
|
| 856 |
_uhttp://koha.tu.koszalin.pl/cgi-bin/koha/opac-detail.pl?biblionumber=35123 _yKatalog online BPK |
||
| 942 |
_cKA _2UKD |
||
| 999 |
_c35123 _d35123 |
||